Photographic chemistry /

Bibliographic Details
Main Author: John, David Hugh Oakley
Other Authors: Field, G. T. J.
Format: Book
Language:English
Published: New York : Reinhold Pub. Corp., 1963.
Subjects:

MARC

Tag First Indicator Second Indicator Subfields
LEADER 00000cam a2200000 4500
001 in00000021961
005 20151007063817.0
008 740930s1963 nyua b 00010 eng u
010 |a  63024072  
035 |a (OCoLC)01025224 
035 |9 AAD8303AM 
040 |c CPL  |d TXA  |d UtOrBLW 
049 |a TXAM  |c [368913] 
050 0 |a TR210  |b .J6 
082 0 |a 771.5 
092 |a 771.5  |b J65p 
100 1 |a John, David Hugh Oakley. 
245 1 0 |a Photographic chemistry /  |c [by] D. H. O. John and G. T. J. Field. 
264 1 |a New York :  |b Reinhold Pub. Corp.,  |c 1963. 
300 |a ix, 330 pages :  |b illustrations ;  |c 23 cm. 
336 |a text  |b txt  |2 rdacontent 
337 |a unmediated  |b n  |2 rdamedia 
338 |a volume  |b nc  |2 rdacarrier 
504 |a Includes bibliographies. 
650 0 |a Photographic chemistry. 
700 1 |a Field, G. T. J. 
999 |a MARS 
999 f f |s bbba27f6-1582-3394-bb7b-f183182e5fdc  |i f99bbecf-a716-3e37-a4b0-42b366097f6a  |t 0 
952 f f |p ric  |a Texas A&M University  |b Rellis Campus  |c Joint Library Facility  |d Remote Storage  |t 0  |e TR210 .J6  |h Library of Congress classification  |i unmediated -- volume  |m A14801161050 
998 f f |a TR210 .J6  |t 0  |l Remote Storage